Statistics for Biggest Trading Partners - Russia

Click here to take the quiz!

General Stats

  • This quiz has been taken 29,022 times
    (28,911 since last reset)
  • The average score is 15 of 19

Answer Stats

ExportsImportsCountry% Correct
28.7 bil38.3 bilChina
99%
9.4 bil11.1 bilUnited States
99%
7.0 bil3.4 bilUnited Kingdom
98%
21.3 bil19.5 bilGermany
96%
9.4 bil6.7 bilJapan
94%
8.5 bilFrance
93%
6.3 bil4.0 bilUkraine
91%
5.3 bilIndia
90%
11.9 bil7.8 bilItaly
84%
9.1 bil4.0 bilPoland
84%
6.5 bil2.5 bilFinland
82%
10.0 bil5.1 bilSouth Korea
82%
13.7 bilTurkey
81%
2.5 bilBrazil
79%
9.4 bil3.6 bilKazakhstan
79%
14.1 bil9.4 bilBelarus
78%
29.3 bil3.0 bilNetherlands
54%
5.7 bilBelgium
48%
2.8 bilCzech Republic
38%

Score Distribution

Percentile by Number Answered

Percent of People with Each Score

Your Score History

You have not taken this quiz since the last reset